000 01131na a2200349 4500
001 13816
003 MIRAKIL
005 20181213155157.0
008 170521b tu 000 0
020 _a9789752204171
035 _a13816
040 _aMilas
_btur
_cTR-AnCHP
041 _atur
082 _a923.43 Savaş,V.
_bS28a 2012
090 _a923.43 Savaş,V. S28a 2012
100 _aSavaş, Vural
245 _aAnılarım
_bbir devrin perde arkası
_cVural Savaş
246 _aBir devrin perde arkası
246 _aBir dönemin perde arkası
260 _aAnkara
_bBilgi Yayınevi
_c2012
300 _a421 s.
_c19 sm.
500 _aDizin var.
505 _a28 Şubat'ın bilinmeyenleri -- Kayıp trilyon rezaleti -- F. Gülen çatışması -- RTE çekişmesi -- Militan ve jakoben.
600 _aSavaş, Vural
_xAnılar
650 _aHukuk
_xAnılar
_zTürkiye
650 _aFethullah Gülen Davası
_xAnılar
650 _aKayıp Trilyon Davası
_xAnılar
650 _a28 Şubat
_xAnılar
650 _aSavcılar
_xAnılar
_zTürkiye
651 _aTürkiye
_xSiyaset ve yönetim
_y1980-
942 _2dcc
_cBKS
999 _c8028
_d8028